[Event "Titled Tue 1st Jul Early"]
[Site "chess.com INT"]
[Date "2025.07.01"]
[Round "2"]
[White "Naroditsky, Daniel"]
[Black "Labussiere, Victor"]
[Result "1-0"]
[WhiteTitle "GM"]
[BlackTitle "FM"]
[WhiteElo "2619"]
[BlackElo "2298"]
[WhiteFideId "2026961"]
[BlackFideId "2183129"]
[EventDate "2025.07.01"]

1. c4 e5 2. Nf3 Nc6 3. Nc3 Nf6 4. e4 Bb4 5. d3 d6 6. a3 Bxc3+ 7. bxc3 O-O 8. g3
Ne8 9. Nh4 Ne7 10. Bg2 c6 11. O-O d5 12. cxd5 cxd5 13. exd5 Nxd5 14. Re1 f6 15.
Qb3 Be6 16. c4 Nb6 17. a4 Rb8 18. Ba3 Rf7 19. f4 Nd7 20. f5 1-0

[Event "Titled Tue 1st Jul Early"]
[Site "chess.com INT"]
[Date "2025.07.01"]
[Round "2"]
[White "Campos Gomez, Manuel"]
[Black "Yang, Daniel"]
[Result "1-0"]
[WhiteTitle "IM"]
[BlackTitle "CM"]
[WhiteElo "2359"]
[BlackElo "2219"]
[WhiteFideId "4444710"]
[BlackFideId "30976340"]
[EventDate "2025.07.01"]

1. Nf3 Nf6 2. c4 e6 3. g3 d5 4. Bg2 d4 5. O-O Be7 6. e3 Nc6 7. b4 Bxb4 8. exd4
Nxd4 9. Nxd4 Qxd4 10. Qa4+ Bd7 11. Qxb4 Qxa1 12. Ba3 Kd8 13. Bxb7 c5 14. Qa5+
Ke8 15. Qxc5 1-0

[Event "Titled Tue 1st Jul Early"]
[Site "chess.com INT"]
[Date "2025.07.01"]
[Round "2"]
[White "Vagman, Roy"]
[Black "Mendonca, Leon Luke"]
[Result "0-1"]
[WhiteTitle "FM"]
[BlackTitle "GM"]
[WhiteElo "2403"]
[BlackElo "2603"]
[WhiteFideId "2828995"]
[BlackFideId "35028561"]
[EventDate "2025.07.01"]

1. e4 e6 2. d4 d5 3. e5 c5 4. c3 Bd7 5. Nf3 a6 6. Bd3 Qb6 7. dxc5 Bxc5 8. O-O
Bb5 9. Bxb5+ Qxb5 10. Nbd2 Ne7 11. Nb3 Ba7 12. Bf4 O-O 13. Rb1 Nbc6 14. Qd2 Qa4
15. Ra1 Ng6 16. Bg3 Rac8 17. h4 Qg4 18. Rad1 Qxg3 0-1

[Event "Titled Tue 1st Jul Early"]
[Site "chess.com INT"]
[Date "2025.07.01"]
[Round "2"]
[White "Erdogmus, Yagiz Kaan"]
[Black "Punin, Andrii"]
[Result "1-0"]
[WhiteTitle "GM"]
[BlackTitle "FM"]
[WhiteElo "2626"]
[BlackElo "2289"]
[WhiteFideId "44599790"]
[BlackFideId "14112639"]
[EventDate "2025.07.01"]

1. e4 d5 2. exd5 Qxd5 3. Nc3 Qa5 4. d4 Nf6 5. Nf3 c6 6. Ne5 Bf5 7. Bf4 Nbd7 8.
Nc4 Qd8 9. Ne3 Be6 10. a4 a5 11. d5 cxd5 12. Nexd5 Nxd5 13. Nxd5 Bxd5 14. Qxd5
e6 15. Qxb7 Bc5 16. Bb5 Ra7 17. Bxd7+ Qxd7 18. Qb8+ 1-0

[Event "Titled Tue 1st Jul Early"]
[Site "chess.com INT"]
[Date "2025.07.01"]
[Round "2"]
[White "Vokhidov, Shamsiddin"]
[Black "Akkara, Omer"]
[Result "1-0"]
[WhiteTitle "GM"]
[BlackTitle "CM"]
[WhiteElo "2650"]
[BlackElo "2036"]
[WhiteFideId "14204223"]
[BlackFideId "26319802"]
[EventDate "2025.07.01"]

1. e4 e5 2. Nf3 Nc6 3. Nc3 Nf6 4. Bb5 d6 5. d4 exd4 6. Nxd4 Bd7 7. Bxc6 bxc6 8.
O-O Be7 9. Qf3 O-O 10. Re1 h6 11. Bf4 Ng4 12. Nxc6 Bxc6 13. Qxg4 Bf6 14. Bxh6
Rb8 15. Rad1 Rxb2 16. e5 Bd7 17. Qg3 dxe5 18. Ne4 Kh7 19. Rxd7 Qxd7 20. Nxf6+
Kxh6 21. Nxd7 1-0

[Event "Titled Tue 1st Jul Early"]
[Site "chess.com INT"]
[Date "2025.07.01"]
[Round "2"]
[White "Ryabukhin, Roman"]
[Black "Sheehan, Ethan"]
[Result "0-1"]
[WhiteTitle "CM"]
[WhiteElo "2236"]
[BlackElo "2366"]
[WhiteFideId "24257893"]
[BlackFideId "30943965"]
[EventDate "2025.07.01"]

1. d4 d5 2. Nc3 Nf6 3. Bf4 Bd7 4. e3 e6 5. Nf3 c5 6. Bd3 Qb6 7. Rb1 Nc6 8. dxc5
Bxc5 9. Na4 Qa5+ 10. c3 Be7 11. b4 Nxb4 12. cxb4 Bxb4+ 13. Ke2 Bxa4 14. Bc2 Bxc2
15. Qxc2 Ne4 16. Nd4 Nc3+ 17. Kf3 Nxb1 18. Rxb1 O-O 19. a3 Qxa3 20. Nb5 Qa5 0-1

[Event "Titled Tue 1st Jul Early"]
[Site "chess.com INT"]
[Date "2025.07.01"]
[Round "2"]
[White "Andreev, Konstantin"]
[Black "Rustamov, Rustam"]
[Result "0-1"]
[WhiteTitle "FM"]
[BlackTitle "FM"]
[WhiteElo "2208"]
[BlackElo "2323"]
[WhiteFideId "24239305"]
[BlackFideId "13440110"]
[EventDate "2025.07.01"]

1. e4 c5 2. Nf3 d6 3. d4 cxd4 4. Nxd4 e5 5. Nc3 exd4 6. Qxd4 Nc6 7. Qd3 Nf6 8.
Be3 Be7 9. O-O-O O-O 10. f4 Qa5 11. h3 Nb4 12. Qd4 Nxa2+ 13. Nxa2 Qxa2 14. Bc4
Qa1+ 15. Kd2 Qa5+ 16. Kc1 Be6 17. Bxe6 fxe6 18. Kb1 Rac8 19. g4 d5 20. f5 Bc5
21. Qd3 dxe4 22. Qb3 Bxe3 23. Qxe3 exf5 24. g5 Nh5 25. Rd7 Qc5 26. Qb3+ Qc4 27.
Qxb7 Qxc2+ 28. Ka2 Qc6 0-1

[Event "Titled Tue 1st Jul Early"]
[Site "chess.com INT"]
[Date "2025.07.01"]
[Round "2"]
[White "Anakok, Deniz"]
[Black "Negrean, Andrei"]
[Result "0-1"]
[WhiteTitle "CM"]
[BlackTitle "FM"]
[WhiteElo "2129"]
[BlackElo "2352"]
[WhiteFideId "51603586"]
[BlackFideId "1291513"]
[EventDate "2025.07.01"]

1. e4 c5 2. Nf3 a6 3. c4 Nc6 4. d4 cxd4 5. Nxd4 e5 6. Nf3 Nf6 7. Nc3 Bc5 8. Bg5
h6 9. Bh4 d6 10. Nd5 g5 11. Nxg5 hxg5 12. Bxg5 Bxf2+ 13. Kxf2 Nxe4+ 14. Ke1 Nxg5 0-1

[Event "Titled Tue 1st Jul Early"]
[Site "chess.com INT"]
[Date "2025.07.01"]
[Round "2"]
[White "Baches Garcia, Guillermo"]
[Black "Melamed, Daniel"]
[Result "1-0"]
[WhiteTitle "IM"]
[BlackTitle "CM"]
[WhiteElo "2305"]
[BlackElo "2047"]
[WhiteFideId "2209764"]
[BlackFideId "3229076"]
[EventDate "2025.07.01"]

1. e4 d6 2. d4 Nf6 3. f3 e5 4. Ne2 Nc6 5. Be3 g6 6. c4 exd4 7. Nxd4 Nxd4 8. Bxd4
Bg7 9. Nc3 O-O 10. Be2 Be6 11. O-O Nd7 12. Bf2 f5 13. exf5 Bxf5 14. Qd2 Ne5 15.
Rad1 Qd7 16. c5 Rad8 17. cxd6 Qxd6 18. Qxd6 Rxd6 19. Rxd6 cxd6 20. Rd1 Nf7 21.
Bxa7 Ra8 22. Bd4 Ne5 23. a3 1-0

[Event "Titled Tue 1st Jul Early"]
[Site "chess.com INT"]
[Date "2025.07.01"]
[Round "2"]
[White "Lee, Qing Aun"]
[Black "Bernat, David"]
[Result "1/2-1/2"]
[WhiteTitle "FM"]
[WhiteElo "2280"]
[BlackElo "1917"]
[WhiteFideId "5804167"]
[BlackFideId "2099225"]
[EventDate "2025.07.01"]

1. d4 d5 2. Nc3 Nf6 3. Bf4 a6 4. e3 c5 5. Nf3 Nc6 6. Ne5 e6 7. g4 cxd4 8. exd4
Nxe5 9. Bxe5 Nd7 10. Bg3 Qb6 11. a3 Be7 12. Bg2 Bf6 13. O-O Qxd4 14. Qe2 O-O 15.
Bd6 Rd8 16. Bc7 Rf8 17. Bd6 Rd8 18. Bc7 Rf8 19. Bd6 1/2-1/2

[Event "Titled Tue 1st Jul Early"]
[Site "chess.com INT"]
[Date "2025.07.01"]
[Round "2"]
[White "Schnell, Sebastian Narayana"]
[Black "Manukyan, Sargis V."]
[Result "0-1"]
[WhiteTitle "CM"]
[BlackTitle "FM"]
[WhiteElo "2050"]
[BlackElo "2253"]
[WhiteFideId "6605290"]
[BlackFideId "13303465"]
[EventDate "2025.07.01"]

1. Nf3 Nf6 2. d4 e6 3. g3 b5 4. Bg2 Bb7 5. O-O Be7 6. b3 O-O 7. Bb2 d5 8. Nbd2
Nbd7 9. e3 c5 10. dxc5 Nxc5 11. Rb1 a5 12. c4 bxc4 13. bxc4 Ba6 14. Qc2 Rc8 15.
Rfc1 dxc4 16. Nxc4 Nd3 17. Qa4 Nxc1 18. Rxc1 Bb4 19. Nfe5 Nd5 20. Bd4 f6 21. Nf3
Rxc4 0-1

[Event "Titled Tue 1st Jul Early"]
[Site "chess.com INT"]
[Date "2025.07.01"]
[Round "2"]
[White "Zakin, Ilay"]
[Black "Sanchez Manzanares, Jorge Luis"]
[Result "1-0"]
[WhiteTitle "FM"]
[BlackTitle "FM"]
[WhiteElo "2300"]
[BlackElo "2027"]
[WhiteFideId "2848279"]
[BlackFideId "6600280"]
[EventDate "2025.07.01"]

1. e4 c5 2. c3 d5 3. exd5 Qxd5 4. d4 Nc6 5. Nf3 cxd4 6. cxd4 Nf6 7. Nc3 Qa5 8.
d5 Nb4 9. Bb5+ Bd7 10. Bxd7+ Nxd7 11. O-O Rc8 12. a3 Rc7 13. Bf4 Rc8 14. axb4 1-0

[Event "Titled Tue 1st Jul Early"]
[Site "chess.com INT"]
[Date "2025.07.01"]
[Round "2"]
[White "Liashkevich, Lizaveta"]
[Black "Ochedzan, Filip"]
[Result "1-0"]
[WhiteTitle "WFM"]
[BlackTitle "CM"]
[WhiteElo "2204"]
[BlackElo "2044"]
[WhiteFideId "13518658"]
[BlackFideId "21892610"]
[EventDate "2025.07.01"]

1. d4 f5 2. Nf3 Nf6 3. c4 g6 4. g3 Bg7 5. Bg2 O-O 6. O-O d6 7. Nc3 Qe8 8. d5 e5
9. dxe6 Bxe6 10. Qb3 Nbd7 11. Qxb7 Nc5 12. Qxc7 Rc8 13. Qxd6 Nfe4 14. Nxe4 Nxe4
15. Qa3 Bxc4 16. Be3 Qb5 17. Nd4 Qb7 18. Rac1 Rfd8 19. Rfd1 Bxd4 20. Rxd4 Rxd4
21. Bxd4 Bxe2 22. Qb3+ Qxb3 23. Rxc8+ 1-0

[Event "Titled Tue 1st Jul Early"]
[Site "chess.com INT"]
[Date "2025.07.01"]
[Round "2"]
[White "Sanal, Vahap"]
[Black "Novosel, Lovro"]
[Result "0-1"]
[WhiteTitle "GM"]
[BlackTitle "FM"]
[WhiteElo "2550"]
[BlackElo "2338"]
[WhiteFideId "6300545"]
[BlackFideId "14547120"]
[EventDate "2025.07.01"]

1. e4 c5 2. Nf3 d6 3. Bb5+ Nd7 4. c3 Nf6 5. Qe2 a6 6. Ba4 b5 7. Bc2 e6 8. d4 Bb7
9. O-O Be7 10. a4 Qb6 11. axb5 axb5 12. Rxa8+ Bxa8 13. Na3 O-O 14. Bg5 h6 15.
Bh4 b4 16. Nc4 Qa6 17. Bd3 bxc3 18. e5 Bxf3 19. Qxf3 dxe5 20. Nxe5 Qd6 21. Nc4
Qxd4 22. bxc3 Qxh4 0-1

[Event "Titled Tue 1st Jul Early"]
[Site "chess.com INT"]
[Date "2025.07.01"]
[Round "2"]
[White "Kamalsyah, Muhammad"]
[Black "Rabin, Evan"]
[Result "1-0"]
[WhiteTitle "FM"]
[WhiteElo "2314"]
[BlackElo "1945"]
[WhiteFideId "7105932"]
[BlackFideId "2028670"]
[EventDate "2025.07.01"]

1. d4 Nf6 2. Nf3 e6 3. g3 b6 4. Bg2 Bb7 5. O-O Be7 6. c4 O-O 7. Nc3 Ne4 8. Bd2
Nxd2 9. Qxd2 d5 10. cxd5 exd5 11. Rac1 c5 12. Rfd1 c4 13. Ne5 Nc6 14. Nxd5 Nxe5
15. dxe5 b5 16. Qe3 Bc8 17. Nf6+ 1-0

[Event "Titled Tue 1st Jul Early"]
[Site "chess.com INT"]
[Date "2025.07.01"]
[Round "2"]
[White "Deng, Henry"]
[Black "Terry, Renato"]
[Result "0-1"]
[WhiteTitle "FM"]
[BlackTitle "IM"]
[WhiteElo "2293"]
[BlackElo "2508"]
[WhiteFideId "30965454"]
[BlackFideId "3803457"]
[EventDate "2025.07.01"]

1. e4 e6 2. d4 d5 3. exd5 exd5 4. Bd3 Nc6 5. c3 Bd6 6. Ne2 Qh4 7. Nd2 Bg4 8. Qc2
Nf6 9. Ng3 O-O 10. O-O Rfe8 11. Nf3 Bxf3 12. gxf3 g6 13. Kg2 Nh5 14. Be3 Nd8 15.
Rh1 Nf4+ 16. Bxf4 Bxf4 17. Rae1 Ne6 18. Rhg1 Ng5 19. Qd1 Nh3 20. Rgf1 Bd6 21.
Kh1 Nxf2+ 22. Rxf2 Rxe1+ 23. Qxe1 Bxg3 0-1

[Event "Titled Tue 1st Jul Early"]
[Site "chess.com INT"]
[Date "2025.07.01"]
[Round "2"]
[White "Newansa, M Esandi"]
[Black "Causo, Deniel"]
[Result "0-1"]
[WhiteTitle "WFM"]
[BlackTitle "FM"]
[WhiteElo "1905"]
[BlackElo "2224"]
[WhiteFideId "9999060"]
[BlackFideId "5203660"]
[EventDate "2025.07.01"]

1. d4 d5 2. Bf4 c6 3. e3 Qb6 4. b3 Bf5 5. Nd2 e6 6. Ngf3 Nd7 7. Nh4 Be4 8. f3
Bg6 9. Nxg6 hxg6 10. Bd3 Ngf6 11. Bg3 e5 12. Bf2 Bd6 13. c3 exd4 14. cxd4 Nh5
15. Qe2 Ng3 16. Bxg3 Bxg3+ 17. Kd1 O-O-O 18. Kc2 Bd6 19. g3 Kb8 20. Kb2 Rde8 21.
Qf2 c5 22. a4 cxd4 23. exd4 Be5 24. Ka3 Bxd4 0-1

[Event "Titled Tue 1st Jul Early"]
[Site "chess.com INT"]
[Date "2025.07.01"]
[Round "2"]
[White "Gharibyan, Mamikon"]
[Black "Burmakin, Evgeniy"]
[Result "1-0"]
[WhiteTitle "GM"]
[BlackTitle "FM"]
[WhiteElo "2495"]
[BlackElo "2110"]
[WhiteFideId "13308300"]
[BlackFideId "4163729"]
[EventDate "2025.07.01"]

1. d4 Nf6 2. Nf3 g6 3. Nc3 d5 4. Bf4 Bg7 5. Nb5 Na6 6. e3 O-O 7. h3 c6 8. Nc3 c5
9. Be2 Bf5 10. a3 Rc8 11. O-O cxd4 12. exd4 Ne4 13. Nxe4 dxe4 14. Ne5 e3 15.
fxe3 Rxc2 16. Bg4 Be4 17. Bf3 Qd5 18. Qxc2 Qxe5 19. Qxe4 1-0

[Event "Titled Tue 1st Jul Early"]
[Site "chess.com INT"]
[Date "2025.07.01"]
[Round "2"]
[White "Bodrogi, Bendeguz"]
[Black "Paravyan, David"]
[Result "0-1"]
[WhiteTitle "FM"]
[BlackTitle "GM"]
[WhiteElo "2481"]
[BlackElo "2589"]
[WhiteFideId "790303"]
[BlackFideId "4194985"]
[EventDate "2025.07.01"]

1. Nf3 d5 2. g3 Nf6 3. Bg2 e6 4. O-O Be7 5. d3 O-O 6. Bf4 h6 7. a3 Bd6 8. Bxd6
cxd6 9. c4 Nc6 10. b4 e5 11. cxd5 Nxd5 12. Qd2 Be6 13. Rc1 Rc8 14. Nc3 Nxc3 15.
Rxc3 Ne7 16. Rac1 Rxc3 17. Qxc3 Qd7 18. Qb2 Rc8 19. Nd2 Bd5 20. Bxd5 Nxd5 21.
Nb3 Nf6 22. Kg2 b6 23. Rxc8+ Qxc8 24. Qc1 Qb7+ 25. f3 Qd7 26. Nd2 d5 27. Qc3 d4
28. Qb3 Nd5 29. Nc4 b5 30. Nxe5 Qe6 31. f4 Ne3+ 0-1

[Event "Titled Tue 1st Jul Early"]
[Site "chess.com INT"]
[Date "2025.07.01"]
[Round "2"]
[White "Garg, Priyansh"]
[Black "Materia, Marco"]
[Result "0-1"]
[BlackTitle "IM"]
[WhiteElo "2095"]
[BlackElo "2493"]
[WhiteFideId "30984696"]
[BlackFideId "45150451"]
[EventDate "2025.07.01"]

1. d4 Nf6 2. Nc3 d5 3. Bf4 g6 4. e3 Bg7 5. h4 Bg4 6. f3 Be6 7. g4 h5 8. g5 Nfd7
9. Bh3 Bxh3 10. Nxd5 e5 11. dxe5 Be6 12. Nf6+ Bxf6 13. exf6 Nc6 14. Ne2 Nde5 15.
Kf2 O-O 16. Nd4 Nxd4 17. Bxe5 Nc6 18. Bf4 Qxd1 19. Rhxd1 Rac8 20. Rd2 Rfd8 21.
Rad1 Rxd2+ 22. Rxd2 Kf8 23. c3 Bxa2 24. b4 Bc4 25. e4 Ke8 26. Ke3 b6 27. Bg3 a5
28. f4 a4 29. f5 a3 30. fxg6 fxg6 31. Rd1 a2 32. Bh2 Rd8 33. Ra1 Rd3+ 34. Ke2
Rh3+ 0-1

[Event "Titled Tue 1st Jul Early"]
[Site "chess.com INT"]
[Date "2025.07.01"]
[Round "2"]
[White "Atoyan, Alberto"]
[Black "Zeliantsova, Kseniya"]
[Result "1-0"]
[WhiteTitle "CM"]
[BlackTitle "WFM"]
[WhiteElo "2302"]
[BlackElo "2062"]
[WhiteFideId "13314831"]
[BlackFideId "13512617"]
[EventDate "2025.07.01"]

1. e4 c5 2. Nf3 Nc6 3. Nc3 g6 4. d4 cxd4 5. Nxd4 Bg7 6. Be3 Nf6 7. Bc4 O-O 8.
Bb3 Re8 9. O-O e6 10. h3 d5 11. exd5 Nxd5 12. Nxd5 exd5 13. c3 Na5 14. Qd3 Nxb3
15. axb3 Be6 16. Rfd1 a6 17. b4 Qc7 18. Nb3 Rad8 19. Bd4 Bf5 20. Qd2 Qc4 21.
Bxg7 Kxg7 22. Nd4 Bd7 23. Re1 Bc6 24. b3 1-0

[Event "Titled Tue 1st Jul Early"]
[Site "chess.com INT"]
[Date "2025.07.01"]
[Round "2"]
[White "Garcia Correa, Jose Ricardo"]
[Black "Gutierrez Olivares, Daniel"]
[Result "0-1"]
[WhiteTitle "FM"]
[BlackTitle "FM"]
[WhiteElo "2103"]
[BlackElo "2354"]
[WhiteFideId "5101832"]
[BlackFideId "2264005"]
[EventDate "2025.07.01"]

1. e4 e6 2. d4 d5 3. Nc3 Bb4 4. e5 Ne7 5. a3 Ba5 6. b4 Bb6 7. Qg4 Nf5 8. Nf3 h5
9. Qf4 Nc6 10. Ne2 g5 11. Nxg5 Ncxd4 12. Nxd4 Bxd4 13. Rb1 f6 14. exf6 Bxf6 15.
Bd3 e5 16. Qd2 e4 17. Be2 e3 18. Bxh5+ Rxh5 19. Qe2 Rxg5 20. Bxe3 Nxe3 21. Qxe3+
Re5 22. Qxe5+ Bxe5 0-1

[Event "Titled Tue 1st Jul Early"]
[Site "chess.com INT"]
[Date "2025.07.01"]
[Round "2"]
[White "Zlatin, Alexander"]
[Black "Aranda, Juan Manuel"]
[Result "1-0"]
[WhiteTitle "FM"]
[BlackTitle "CM"]
[WhiteElo "2313"]
[BlackElo "2134"]
[WhiteFideId "2810549"]
[BlackFideId "160458"]
[EventDate "2025.07.01"]

1. e4 d6 2. d4 g6 3. Nc3 Bg7 4. Bc4 a6 5. a4 e6 6. h4 h5 7. Nge2 Nf6 8. f3 d5 9.
Bd3 O-O 10. e5 Nfd7 11. Bg5 Qe8 12. g4 hxg4 13. h5 gxf3 14. Nf4 Nc6 15. h6 Bxe5
16. dxe5 Ndxe5 17. Bf6 Kh7 18. Nh3 f2+ 19. Kf1 Rh8 20. Ng5+ Kg8 21. h7+ Kf8 22.
Bxh8 Nxd3 23. Bf6 1-0

[Event "Titled Tue 1st Jul Early"]
[Site "chess.com INT"]
[Date "2025.07.01"]
[Round "2"]
[White "Cordoba Roa, Angel Gabriel"]
[Black "Mora Munoz, Alejandro"]
[Result "1-0"]
[WhiteTitle "FM"]
[BlackTitle "FM"]
[WhiteElo "2396"]
[BlackElo "2147"]
[WhiteFideId "3957624"]
[BlackFideId "4469844"]
[EventDate "2025.07.01"]

1. e4 c5 2. Nf3 d6 3. c3 Nf6 4. h3 g6 5. Bd3 Bg7 6. O-O O-O 7. Bc2 Nc6 8. d4
cxd4 9. cxd4 Bd7 10. Nc3 Rc8 11. Re1 a6 12. a3 b5 13. e5 Ne8 14. Bg5 h6 15. Bh4
dxe5 16. d5 Nd4 17. Nxe5 Nxc2 18. Qxc2 Bf5 19. Qd2 g5 20. Bg3 Nd6 21. Nc6 Rxc6
22. dxc6 Be6 23. Rad1 Qb6 24. Nd5 Bxd5 25. Qxd5 Rc8 26. Rxe7 1-0

[Event "Titled Tue 1st Jul Early"]
[Site "chess.com INT"]
[Date "2025.07.01"]
[Round "2"]
[White "Mende, Andreas"]
[Black "Kanyamarala, Trisha"]
[Result "0-1"]
[WhiteTitle "CM"]
[BlackTitle "WIM"]
[WhiteElo "2113"]
[BlackElo "2233"]
[WhiteFideId "4631102"]
[BlackFideId "45004722"]
[EventDate "2025.07.01"]

1. c4 Nf6 2. g3 c5 3. Bg2 Nc6 4. Nc3 d6 5. Nf3 g6 6. d4 cxd4 7. Nxd4 Nxd4 8.
Qxd4 Bg7 9. O-O O-O 10. Qd3 Bf5 11. e4 Be6 12. b3 Rc8 13. Bd2 a6 14. Rac1 Nd7
15. Qe2 Ne5 16. h3 Nc6 17. Be3 Qa5 18. f4 Bxc3 19. f5 Bd7 20. f6 Bxf6 21. Rxf6
exf6 22. Qf3 Qe5 23. Bf4 Qe7 24. Rd1 Ne5 25. Qf2 Bc6 26. h4 Ng4 27. Qf3 Ne5 28.
Qf2 h5 29. Qd4 Rcd8 30. Kh2 Rfe8 31. Bh3 Nf3+ 0-1

[Event "Titled Tue 1st Jul Early"]
[Site "chess.com INT"]
[Date "2025.07.01"]
[Round "2"]
[White "Chen, Yidong"]
[Black "Tatarinov, Dmitry"]
[Result "0-1"]
[BlackTitle "FM"]
[WhiteElo "2074"]
[BlackElo "2318"]
[WhiteFideId "8607028"]
[BlackFideId "24160067"]
[EventDate "2025.07.01"]

1. e4 c5 2. Nf3 d6 3. d4 cxd4 4. Nxd4 Nf6 5. Nc3 a6 6. Be3 e5 7. Nb3 Be7 8. h3
O-O 9. g4 b5 10. g5 Nfd7 11. h4 Nc5 12. Qf3 Nxb3 13. axb3 Be6 14. O-O-O Qa5 15.
Kb1 Nc6 16. Nd5 Bxd5 17. exd5 Nb4 18. Bd3 Rac8 19. Qe4 g6 20. h5 Qa2+ 21. Kc1
Nxd3+ 22. Qxd3 Bd8 23. hxg6 fxg6 24. Rxh7 Kxh7 25. Rh1+ Kg7 26. Rh6 Rf5 27. c3
Bxg5 0-1

[Event "Titled Tue 1st Jul Early"]
[Site "chess.com INT"]
[Date "2025.07.01"]
[Round "2"]
[White "Rustemov, Alexander"]
[Black "Priansh, Das"]
[Result "1-0"]
[WhiteTitle "GM"]
[BlackTitle "FM"]
[WhiteElo "2525"]
[BlackElo "2305"]
[WhiteFideId "4119002"]
[BlackFideId "45029946"]
[EventDate "2025.07.01"]

1. d4 Nf6 2. c4 g6 3. Nf3 Bg7 4. g3 d6 5. Bg2 O-O 6. Nc3 c5 7. dxc5 dxc5 8. O-O
Nc6 9. Bf4 Bf5 10. Ne5 Nxe5 11. Bxe5 Qb6 12. Qb3 Be6 13. Qxb6 axb6 14. b3 Rad8
15. Rad1 Rd7 16. Rxd7 Bxd7 17. Bxb7 Bf5 18. Rd1 h5 19. Na4 Ne4 20. Bxg7 Kxg7 21.
Bxe4 Bxe4 22. Nxb6 Rb8 23. Na4 Ra8 24. Nxc5 Bc2 25. Ra1 Rd8 26. a4 Rd2 27. a5 1-0

[Event "Titled Tue 1st Jul Early"]
[Site "chess.com INT"]
[Date "2025.07.01"]
[Round "2"]
[White "Shinkarev, Mikhailo"]
[Black "Azizoglu, Ferzan"]
[Result "0-1"]
[WhiteTitle "IM"]
[WhiteElo "2109"]
[BlackElo "2055"]
[WhiteFideId "4145348"]
[BlackFideId "6302726"]
[EventDate "2025.07.01"]

1. c4 g6 2. g3 Bg7 3. Bg2 Nf6 4. Nc3 O-O 5. d4 d6 6. e3 Nc6 7. Nge2 e5 8. h3 Re8
9. d5 Ne7 10. e4 Nd7 11. Be3 a5 12. Qd2 Nc5 13. O-O Rf8 14. g4 f5 15. gxf5 gxf5
16. Bh6 Ng6 17. Bxg7 Kxg7 18. f4 Qh4 19. Qe1 Qxe1 20. Raxe1 Nd3 21. Rb1 Ndxf4
22. Nxf4 Nxf4 23. Nb5 Rf7 24. Kh2 fxe4 25. Bxe4 Bxh3 26. Rg1+ Kh8 27. Rg3 Bf5
28. Bxf5 Rxf5 29. Nxc7 Rh5+ 30. Kg1 Rc8 31. Ne6 Ne2+ 32. Kg2 Nxg3 33. Kxg3 Rxc4
34. Rf1 Rc8 35. Rf7 e4 36. Kf4 Rxd5 37. Ng5 Rxg5 38. Kxg5 Re8 39. Rf6 e3 40. Kh6
e2 41. Rf7 Re6+ 42. Kg5 e1=Q 0-1

[Event "Titled Tue 1st Jul Early"]
[Site "chess.com INT"]
[Date "2025.07.01"]
[Round "2"]
[White "Aakash, G"]
[Black "Nepomniachtchi, Ian"]
[Result "0-1"]
[WhiteTitle "FM"]
[BlackTitle "GM"]
[WhiteElo "2126"]
[BlackElo "2742"]
[WhiteFideId "25644394"]
[BlackFideId "4168119"]
[EventDate "2025.07.01"]

1. d4 Nf6 2. Bg5 d5 3. Bxf6 gxf6 4. e3 c5 5. c3 Qb6 6. Qd2 Nc6 7. dxc5 Qxc5 8.
Nf3 e5 9. Na3 Be6 10. Be2 Rg8 11. O-O Bh3 12. Nh4 O-O-O 13. Kh1 Be6 14. f4 Kb8
15. Rad1 Bh6 16. Nc2 Qb6 17. b3 Qc7 18. Bd3 Rg4 19. g3 d4 20. cxd4 exf4 21. exf4
Rxh4 22. Be4 Rh5 23. Qe2 Ra5 24. f5 Bd5 25. Bxd5 Raxd5 26. Qh5 Bf8 27. Rf4 h6
28. Re4 a6 29. Qg4 Bc5 30. Rc1 Bxd4 31. b4 Bb6 32. a4 Ne5 33. Qe2 Rd2 0-1

[Event "Titled Tue 1st Jul Early"]
[Site "chess.com INT"]
[Date "2025.07.01"]
[Round "2"]
[White "Gonzalez Mojica, Renan Arturo"]
[Black "Jaskolka, Tomasz"]
[Result "1/2-1/2"]
[WhiteTitle "FM"]
[BlackTitle "CM"]
[WhiteElo "2098"]
[BlackElo "2194"]
[WhiteFideId "4482379"]
[BlackFideId "1170791"]
[EventDate "2025.07.01"]

1. d4 d5 2. c4 c6 3. cxd5 cxd5 4. Bf4 Nf6 5. Nc3 Nc6 6. e3 Bf5 7. Qb3 Qd7 8. Nf3
a6 9. Rc1 e6 10. Be2 Bd6 11. Ne5 Bxe5 12. dxe5 Ne4 13. Na4 Qc7 14. Nb6 Rd8 15.
O-O g5 16. Bg3 Nxg3 17. hxg3 Qxe5 18. Bxa6 bxa6 19. Rxc6 h5 20. Qa4 Kf8 21. Nd7+
Rxd7 22. Rc8+ Ke7 23. Qb4+ Rd6 24. Qb7+ Rd7 25. Qb4+ Rd6 26. Qb7+ Rd7 27. Qb4+ 1/2-1/2